| 000 | 00647nam a2200241Ia 4500 | ||
|---|---|---|---|
| 003 | OSt | ||
| 005 | 20221005023002.0 | ||
| 006 | a|||||r|||| 00| 0 | ||
| 007 | ta | ||
| 008 | 221004b |||||||| |||| 00| 0 eng d | ||
| 024 | _a50439 | ||
| 037 | _cTextual | ||
| 040 |
_aCRL _cCRL _beng |
||
| 041 |
_2eng _aeng |
||
| 082 | _aSigma:f, N8 | ||
| 100 |
_aSarantakos Sotirios _9578939 |
||
| 245 | 0 | _aWorking with social research | |
| 260 |
_aAustralia _bCharles Sturt University _c1998 |
||
| 300 |
_a133p. _ccm. |
||
| 650 | _aSOCIAL SCIENCES | ||
| 942 |
_hSigma:f, N8 _cTEXL _2cc |
||
| 999 |
_c930319 _d930319 |
||